Statistics for North American Sports Champions Since 2000

Click here to take the quiz!

General Stats

  • This quiz has been taken 43 times
  • The average score is 40 of 64

Answer Stats

#Team% Correct
6Los Angeles Lakers
97%
3Golden State Warriors
92%
1Cleveland Cavaliers
89%
6New England Patriots
89%
3Miami Heat
87%
1Toronto Raptors
87%
1Los Angeles Rams
84%
1Milwaukee Bucks
84%
1Boston Celtics
82%
1Kansas City Chiefs
82%
2New York Giants
82%
1Philadelphia Eagles
82%
4San Antonio Spurs
82%
3San Francisco Giants
82%
1Houston Astros
79%
1Los Angeles Dodgers
79%
4Boston Red Sox
76%
3Chicago Blackhawks
76%
1Chicago Cubs
76%
1Detroit Pistons
76%
3Pittsburgh Penguins
76%
1Seattle Seahawks
76%
2Tampa Bay Buccaneers
76%
1Boston Bruins
74%
1Dallas Mavericks
74%
2Detroit Red Wings
74%
2New York Yankees
74%
3Tampa Bay Lightning
74%
1Denver Broncos
71%
2Los Angeles Kings
71%
1St. Louis Blues
68%
1Washington Capitals
68%
1Atlanta Braves
66%
1Chicago White Sox
66%
1Colorado Avalanche
66%
1Green Bay Packers
66%
2Baltimore Ravens
61%
1New Orleans Saints
61%
2Pittsburgh Steelers
61%
1Carolina Hurricanes
58%
1Florida Marlins
58%
1Kansas City Royals
58%
1Philadelphia Phillies
58%
1Indianapolis Colts
55%
1Anaheim Ducks
53%
1Arizona Diamondbacks
53%
1Los Angeles Angels
53%
2New Jersey Devils
53%
1Washington Nationals
50%
5Los Angeles Galaxy
47%
2St. Louis Cardinals
45%
1Toronto FC
34%
2Columbus Crew
32%
1Portland Timbers
32%
2Seattle Sounders FC
29%
1Atlanta United FC
26%
1New York City FC
26%
1Real Salt Lake
24%
1Sporting Kansas City
24%
1D.C. United
21%
1Kansas City Wizards
21%
2San Jose Earthquakes
21%
1Colorado Rapids
18%
2Houston Dynamo
18%

Score Distribution

Percentile by Number Answered

Percent of People with Each Score

Your Score History

You have not taken this quiz